[Event "Vrindavana MMT op"]
[Site "Mathura"]
[Date "2023.04.26"]
[Round "8"]
[White "Saurabh, Kumar2"]
[Black "Govind, Kumar"]
[Result "1/2-1/2"]
[WhiteElo "1583"]
[BlackElo "1796"]
[PlyCount "134"]
[EventDate "2023.04.23"]
[EventType "swiss"]
[EventRounds "9"]
[EventCountry "IND"]
[SourceTitle "CBM 213 Extra"]
[Source "ChessBase"]
[SourceDate "2023.05.31"]
[SourceVersion "1"]
[SourceVersionDate "2023.05.31"]
[SourceQuality "1"]

1. e4 e5 2. Nf3 Nc6 3. Bb5 Nf6 4. d3 Bc5 5. 0-0 d6 6. c3 0-0 7. h3 Ne7 8. d4 Bb6 9. dxe5 dxe5 10. Qc2 Ng6 11. Rd1 Qe7 12. Bf1 c6 13. Nbd2 Bc7 14. Nc4 h6 15. a4 b6 16. Be3 Nh5 17. a5 b5 18. Ncd2 Nhf4 19. b4 Ne6 20. Nb3 a6 21. Rd2 Rd8 22. Rad1 Rxd2 23. Rxd2 Bd7 24. Qd1 Rd8 25. Nc5 Bc8 26. Rxd8+ Qxd8 27. Qxd8+ Bxd8 28. Nd2 Nxc5 29. Bxc5 Nf8 30. Bd6 f6 31. Be2 g6 32. Nb3 Kf7 33. Bg4 Bxg4 34. hxg4 Nd7 35. g3 Be7 36. Bxe7 Kxe7 37. Kf1 Kd6 38. Ke2 Ke6 39. Ke3 Kd6 40. Kd3 Ke7 41. Nd2 Kd6 42. Nf3 Ke6 43. Nh4 Kf7 44. Ng2 Ke7 45. Ne3 Ke6 46. c4 Nb8 47. cxb5 cxb5 48. Nd5 Kf7 49. Kc3 Ke6 50. f4 f5 51. gxf5+ gxf5 52. Ne3 exf4 53. exf5+ Ke5 54. gxf4+ Ke4 55. Ng4 h5 56. Nf6+ Kxf4 57. Nxh5+ Kxf5 58. Kd4 Ke6 59. Kc5 Kd7 60. Nf6+ Kc7 61. Nd5+ Kb7 62. Ne7 Nd7+ 63. Kd6 Nb8 64. Ng6 Nc6 65. Kc5 Kc7 66. Nf4 Ne5 67. Nd5+ Kb7 1/2-1/2

[Event "Vrindavana MMT op"]
[Site "Mathura"]
[Date "2023.04.25"]
[Round "5"]
[White "Govind, Kumar"]
[Black "Naveen Kanniyappan, S."]
[Result "0-1"]
[WhiteElo "1796"]
[BlackElo "1523"]
[PlyCount "114"]
[EventDate "2023.04.23"]
[EventType "swiss"]
[EventRounds "9"]
[EventCountry "IND"]
[SourceTitle "CBM 213 Extra"]
[Source "ChessBase"]
[SourceDate "2023.05.31"]
[SourceVersion "1"]
[SourceVersionDate "2023.05.31"]
[SourceQuality "1"]

1. d4 Nf6 2. Nf3 g6 3. g3 Bg7 4. Bg2 d6 5. 0-0 0-0 6. Re1 Nbd7 7. e4 e5 8. dxe5 Nxe5 9. Nxe5 dxe5 10. c3 Qxd1 11. Rxd1 Be6 12. Be3 Rfd8 13. Nd2 b6 14. f3 Rd7 15. Bf1 Rad8 16. Be2 Ne8 17. Kf2 Nd6 18. h4 f5 19. exf5 Nxf5 20. Bg5 Rf8 21. Ne4 Rxd1 22. Bxd1 h6 23. Be3 Nd6 24. Nd2 c5 25. Bc2 Kf7 26. Ne4 Nc4 27. b3 Nxe3 28. Kxe3 Rd8 29. Rd1 Rxd1 30. Bxd1 Bf8 31. Be2 Bf5 32. Bc4+ Ke7 33. Nf2 Bd7 34. a4 Be8 35. Bb5 Bf7 36. c4 Kd6 37. Ba6 Kc7 38. Ng4 Bg7 39. Ke4 Kd6 40. Bb7 Be6 41. Bd5 Bf5+ 42. Ke3 Bc2 43. Be4 Bxb3 44. Bxg6 Bxc4 45. Bc2 a6 46. Nf2 Bd5 47. Ne4+ Kc6 48. g4 b5 49. Nc3 b4 50. Nxd5 Kxd5 51. Be4+ Kc4 52. Bd3+ Kc3 53. Bxa6 b3 54. Bc8 Kb4 55. Bd7 c4 56. g5 hxg5 57. hxg5 c3 0-1